20 titres les plus écoutés de Sabaton - Statistiques

Statistiques générales
  • Ce quiz a été pris 10 fois
  • Le résultat moyen est 9 sur 20
Statistiques - réponses
Nb. d'écoutes Album % Correct
+ 147 000 000 Primo Victoria Primo Victoria
88%
+ 208 000 000 The Last Stand The Last Stand
88%
+ 116 000 000 Single Bismarck
75%
+ 222 000 000 Heroes To Hell and Back
75%
+ 120 000 000 Heroes Night Witches
63%
+ 63 000 000 The Great War Great War
50%
+ 69 000 000 The War to End All Wars Soldier of Heaven
50%
+ 75 800 000 The War to End All Wars Stormtroopers
50%
+ 94 000 000 The Great War The Red Baron
50%
+ 82 700 000 The Great War Fields of Verdun
38%
+ 123 000 000 The Art of War Ghost Division
38%
+ 77 000 000 The Art of War Panzerkampf
38%
+ 82 300 000 Heroes Resist and Bite
38%
+ 75 600 000 The Last Stand Shiroyama
38%
+ 88 000 000 The Great War The Attack of the Dead Men
38%
+ 72 000 000 The Last Stand Winged Hussars
38%
+ 52 000 000 The Great War 82nd All the Way
25%
+ 55 000 000 The Last Stand Sparta
25%
+ 66 000 000 The Last Stand The Lost Battalion
25%
+ 54 000 000 Carolus Rex En Livstid I Krig
13%
Aucun quiz correspondant
Distribution des résultats
% des personnes avec chaque résultat
Percentile par nombre de réponses
Votre historique - résultats
Vous n’avez pas pris ce quiz